| 000 | 00461nam a2200157Ia 4500 | ||
|---|---|---|---|
| 999 |
_c18750 _d18750 |
||
| 003 | OSt | ||
| 005 | 20200612113516.0 | ||
| 008 | 190216s9999||||xx |||||||||||||| ||und|| | ||
| 040 | _coclc | ||
| 082 |
_a146.3 _bKUR/H |
||
| 100 |
_aKursanov, G _92827 |
||
| 245 | 0 |
_aHistorical Materialism Basic Problems / _cG Kursanov |
|
| 260 |
_bStream Lines Publishers Pvt Ltd, _c1975. |
||
| 300 | _a333p | ||
| 942 |
_cBK _2ddc _h146.3 _iKUR/H _k146.3 _mKUR/H |
||